Anmerkungen zur Herausgabe des "Breslauer Arzneibuchs" von 1270/80: Die Fugentexte

Titel: Anmerkungen zur Herausgabe des "Breslauer Arzneibuchs" von 1270/80: Die Fugentexte / Gundolf Keil, unter Mitwirkung von Christine Wolf
Verfasser:
In: ˜Dieœ deutsch-polnische Wissenschaftslandschaft Schlesien, (2020), Seite 85-178
alle Artikel anzeigen
Veröffentlicht: 2020
Format: Aufsatz
Sprache: Deutsch
Schlagworte:
Kein Bild verfügbar
X
alg: 48834082
001A    $03025:03-12-21 
001B    $01999:03-12-21 $t22:29:05.000 
001D    $03025:03-12-21 
001U    $0utf8 
001X    $00 
002@    $0Aou 
002C    $aText $btxt $2rdacontent 
002D    $aohne Hilfsmittel zu benutzen $bn $2rdamedia 
002E    $aBand $bnc $2rdacarrier 
003@    $0488340829 
007A    $0488340829 $aHEB 
010@    $ager 
010E    $erda 
011@    $a2020 
021A    $aAnmerkungen zur Herausgabe des "Breslauer Arzneibuchs" von 1270/80: Die Fugentexte $hGundolf Keil, unter Mitwirkung von Christine Wolf 
028A    $BVerfasser $#Keil, G. $4aut $7119166410 $8Keil, Gundolf$Z1934- [Tp1] $9087506467 
031A    $h85-178 $j2020 
039B    $aEnthalten in $8--Aau--. Die @deutsch-polnische Wissenschaftslandschaft Schlesien. - Düren : Shaker Verlag, 2020. - 415 Seiten. - Illustrationen. - ISBN 978-3-8440-6491-9 $x202000000000000915 $9476540119 
044K    $RNiederschlesien $#Breslau $#Wrocław $#Wrotizla $#Breßlau $#Breßlaw $#Vroclav $#Vratislav $#Vratislavia $#Vratislauiae $#Bresslau $#Wratislavia $#Brassel $#Bresla $#Wratislava $#Smirna $#Breslavia $#Wroclaw $74008216-7 $8Breslau [Tg1] $9085014184 
044K    $RPharmakotherapie $RDroge $#Drugs $#Médicaments $#Farmaci $#Medicamentos $#drugs $#Pharmaceutical Preparations $#Arzneimittel $#Arzneimittel $#Fertigarzneimittel $#Therapeutikum Arzneimittel $#Medikament $#Medukamente $#Pharmakon $#Pharmaka $#Arzneistoff $#Arzneimittelwirkstoff $#Arznei $#Pharmazeutikum $#Pharmazeutika $#Pharmazeutischer Wirkstoff $#Arzneidroge $74003115-9 $8Arzneimittel [Ts1] $9084999918 
044K    $#Medicine $#Médecine $#Humanmedizin $#Heilkunst $#Medicine $74038243-6 $8Medizin [Ts1] $9085104442 
044K    $RLiteratur $RText $RWissenschaftliche Literatur $RFachbuch $RNichtfiktionale Prosa $RFachsprache $RTraktat $#Textbooks $#Manuels d'enseignement $#Fachliteratur $#Artesliteratur $#Fachprosa $#Sachprosa $#Sachliteratur $74153493-1 $8Fachliteratur [Ts1] $9085644498 
045F    $a610.9438509022 $eDDC23BSB 
045F/01 $a610.9 
045F/03 $f09022 
045F/03 $f0902 
045F/03 $g4385 
045R    $aGeschichte 1150-1600 

lok: 48834082 78

exp: 48834082 78 1 #EPN
201B/01 $003-12-21 $t13:22:21.000 
201C/01 $003-12-21 
201U/01 $0utf8 
203@/01 $01173975780 
208@/01 $a03-12-21 $be 
209A/01 $a/ $f000 $x00 
209A/01 $ab*p $x01 
220C/01 $apgar 
244Z/01 $#Schlesien $#Schlesien $#Herzogtum Schlesien $#Herzogtum Schlesien Schlesien $#Provinz Schlesien $#Śla̜sk $#Slezsko $#Silesia $74052678-1 $8--Tg1--Schlesien $x01 $9085146781 
247C/01 $82080>Marburg/Lahn, Herder-Institut, Forschungsbibliothek, Bibliographieportal $9336309341
LEADER 00000caa a2200000 c 4500
001 488340829
003 DE-603
005 20211203222905.0
007 tu
008 211203s2020 xx |||| | u00||u|ger c
035 |a (DE-599)HEB488340829 
040 |a DE-603  |b ger  |c DE-603  |d DE-603  |e rda 
041 |a ger 
082 0 4 |8 1\u  |a 610.9438509022  |q DE-101  |2 23/BSB 
085 |8 1\u  |b 610.9 
085 |8 1\u  |z 1  |s 09022 
085 |8 1\u  |z 1  |s 0902 
085 |8 1\u  |z 2  |s 4385 
100 1 |a Keil, Gundolf  |d 1934-  |e Verfasser  |4 aut  |0 (DE-603)087506467  |0 (DE-588)119166410  |2 gnd 
245 0 0 |a Anmerkungen zur Herausgabe des "Breslauer Arzneibuchs" von 1270/80: Die Fugentexte  |c Gundolf Keil, unter Mitwirkung von Christine Wolf 
264 0 |c 2020 
336 |a Text  |b txt  |2 rdacontent 
337 |a ohne Hilfsmittel zu benutzen  |b n  |2 rdamedia 
338 |a Band  |b nc  |2 rdacarrier 
648 7 |a Geschichte 1150-1600  |2 gnd 
650 7 |a Arzneimittel  |0 (DE-588)4003115-9  |0 (DE-603)084999918  |2 gnd 
650 7 |a Medizin  |0 (DE-588)4038243-6  |0 (DE-603)085104442  |2 gnd 
650 7 |a Fachliteratur  |0 (DE-588)4153493-1  |0 (DE-603)085644498  |2 gnd 
651 7 |a Breslau  |0 (DE-588)4008216-7  |0 (DE-603)085014184  |2 gnd 
773 0 8 |i Enthalten in  |t ˜Dieœ deutsch-polnische Wissenschaftslandschaft Schlesien  |d Düren : Shaker Verlag, 2020  |h 415 Seiten, Illustrationen  |z 9783844064919  |z 3844064915  |g (2020), Seite 85-178  |w (DE-603)476540119 
924 0 |9 2080  |a (DE-603)1173975780  |b DE-2080  |c HES  |d d  |g /